| 000 | 00874pam a2200277 a 4500 | ||
|---|---|---|---|
| 001 | 1163753 | ||
| 003 | OSt | ||
| 005 | 20240315135927.0 | ||
| 008 | 960808s1997 maua 001 0 eng c | ||
| 010 | _a 96035595 | ||
| 020 | _a0316018848 | ||
| 040 |
_aDNLM/DLC _cDLC _dDLC |
||
| 050 | 0 | 0 |
_aQM601 _b.S235 1997 |
| 060 | 1 | 0 | _aQS 604 S219c 1997 |
| 082 | 0 | 0 |
_aQS 604 S57c 1997 _220 |
| 100 | 1 |
_aSandra, Alexander; Coons, William J. _9315 |
|
| 245 | 1 | 0 | _aCore Concepts in Embryology |
| 260 |
_aPhiladelphia; _bLippincott-Raven, _cc1997. |
||
| 300 |
_aix, 162 p. : _bchiefly ill. ; _c28 cm. |
||
| 500 | _aIncludes index. | ||
| 650 | 0 |
_aEmbryology _9204 |
|
| 650 | 1 | 2 |
_aDeveloping human _961 |
| 906 |
_a7 _bcbc _corignew _d1 _eocip _f19 _gy-gencatlg |
||
| 942 |
_2z _cSLOAN |
||
| 999 |
_c484 _d484 |
||